000 01005cam a2200289 a 4500
999 _c8496
_d8496
001 8496
003 BD-JhCC
005 20180226101506.0
008 870401s1967 gw 000 0 ger d
035 _a(BD-JhCC)8496
035 _a1256711
040 _aANL
_cANL
_dANL
041 _aeng
050 0 0 _aHB501
_bM35
082 0 4 _a331
_bMAR 1967
100 1 _aMarx, Karl,
_d1818-1883.
245 1 4 _aDas Kapital :
_bKritik der politischen Okonomie : (Nach der 1., 2., und 4. von Friedrich Engels durchgesehenen und hrgs. Aufl., Hamburgh 1890-94)
260 _a(Frankfurt a. M.) :
_bEuropaische Verlagsanstalt,
_c1967.
300 _a551 p. :
_c22 cm.
504 _aIncludes bibliographies.
505 0 _aCONTENTS.--Bd. 1. Der Produktionsprozess des Kapitals.--Bd. 2 Der Kirkulationsprozess des Kapitals.--Bd. 3 Der Gesamtprozess der kapitalitischen Produktion.
650 0 _aEconomics.
650 0 _aCapital.
700 1 _aEngels, Friedrich,
_d1820-1895.
942 _2ddc
_cBK